000 00746nam a2200277Ia 4500
003 OSt
005 20221007104125.0
006 a|||||r|||| 00| 0
007 ta
008 221006b |||||||| |||| 00| 0 eng d
020 _a9788171944569
024 _a14,985
037 _cTextual
040 _aLCO
_cLCO
_beng
041 _2eng
_aeng
082 _aX72:(Z), P8
100 _aSinghania V.K.
245 0 _aDirect Taxes
_bLaw and Practice 2008-09
250 _a39th
260 _aNew
_bDelhi Taxmann Publications (P.) Ltd. India
_c2008
300 _a1415
650 _aDIRECT TAXES
_9431678
700 _a Singhania K.
942 _hX72:(Z), P8
_cTEXL
999 _c1184548
_d1184548